[Event "TUR Cup"]
[Site "Antalya"]
[Date "2020.01.30"]
[Round "8"]
[White "Demirkesen, Mehmet Cihad"]
[Black "Isikli, Murat Sedat"]
[Result "1-0"]
[WhiteElo "1592"]
[BlackElo "1400"]
[PlyCount "97"]
[EventDate "2020.01.26"]
[EventType "swiss"]
[EventRounds "11"]
[EventCountry "TUR"]
[SourceTitle "CBM 194 Extra"]
[Source "ChessBase"]
[SourceDate "2020.03.31"]
[SourceVersion "1"]
[SourceVersionDate "2020.03.31"]
[SourceQuality "1"]

1. e4 c5 2. Bc4 d6 3. Ne2 Nc6 4. a3 g6 5. 0-0 Bg7 6. d3 Qb6 7. Nbc3 Nf6 8. Rb1 a5 9. Be3 Qd8 10. h3 Be6 11. Bb5 0-0 12. f4 Qc8 13. Rf3 Ne8 14. Nd5 Bxd5 15. exd5 Nd4 16. Bxd4 cxd4 17. g4 Qc5 18. Bxe8 Rfxe8 19. c4 dxc3+ 20. d4 Qxd5 21. Rxc3 Rac8 22. Kf2 Rc6 23. Rd3 Rec8 24. Nc3 Qc4 25. Qd2 e6 26. Kg3 d5 27. a4 Qb4 28. Qe3 Rc4 29. Nb5 Rc2 30. b3 b6 31. Rf1 Rb2 32. f5 exf5 33. gxf5 Rcc2 34. fxg6 Rg2+ 35. Kh4 Rbe2 36. gxf7+ Kf8 37. Rc3 Rxe3 38. Rc8+ Ke7 39. Re8+ Kd7 40. Rxe3 Bxd4 41. f8N+ Kd8 42. Ne6+ Kd7 43. Nexd4 Rg7 44. Rf6 Kd8 45. Rf8+ Kd7 46. Ree8 Qd2 47. Rd8+ Ke7 48. Nc6+ Ke6 49. Nbd4+ 1-0

[Event "TUR Cup"]
[Site "Antalya"]
[Date "2020.01.29"]
[Round "6"]
[White "Demirkesen, Mehmet Cihad"]
[Black "Benk, Tolga Tugay"]
[Result "1/2-1/2"]
[WhiteElo "1592"]
[BlackElo "1821"]
[PlyCount "78"]
[EventDate "2020.01.26"]
[EventType "swiss"]
[EventRounds "11"]
[EventCountry "TUR"]
[SourceTitle "CBM 194 Extra"]
[Source "ChessBase"]
[SourceDate "2020.03.31"]
[SourceVersion "1"]
[SourceVersionDate "2020.03.31"]
[SourceQuality "1"]

1. c4 e5 2. Nc3 Nc6 3. e3 g6 4. d4 d6 5. d5 Nce7 6. e4 Bg7 7. Bd3 f5 8. f4 fxe4 9. Bxe4 Nf5 10. Nf3 exf4 11. Qe2 Ne3 12. Bxe3 fxe3 13. Qxe3 Qe7 14. 0-0 Nf6 15. Rae1 0-0 16. Qd3 Nxe4 17. Rxe4 Qd8 18. Nd4 Bxd4+ 19. Qxd4 Rxf1+ 20. Kxf1 Bf5 21. Re2 Qg5 22. Qe3 Qh4 23. Ne4 Bxe4 24. Qxe4 Rf8+ 25. Kg1 Qg5 26. Qe3 Qf5 27. Qe6+ Qxe6 28. Rxe6 Rf4 29. b3 Kf7 30. Re2 Kf6 31. Re6+ Kf7 32. Re2 Rd4 33. Rc2 b6 34. Kf2 Kf6 35. Ke3 Ke5 36. Rf2 Re4+ 37. Kd3 Rf4 38. Re2+ Kf6 39. Kc3 Kf7 1/2-1/2

[Event "TUR Cup"]
[Site "Antalya"]
[Date "2020.01.27"]
[Round "2"]
[White "Ikizler, Mualla Hatun"]
[Black "Demirkesen, Mehmet Cihad"]
[Result "0-1"]
[WhiteElo "1303"]
[BlackElo "1592"]
[PlyCount "78"]
[EventDate "2020.01.26"]
[EventType "swiss"]
[EventRounds "11"]
[EventCountry "TUR"]
[SourceTitle "CBM 194 Extra"]
[Source "ChessBase"]
[SourceDate "2020.03.31"]
[SourceVersion "1"]
[SourceVersionDate "2020.03.31"]
[SourceQuality "1"]

1. e4 c5 2. Nf3 Nc6 3. c3 e5 4. Bc4 h6 5. 0-0 Bd6 6. a3 Nge7 7. d3 0-0 8. Be3 b6 9. d4 cxd4 10. cxd4 exd4 11. Nxd4 Ne5 12. Be2 N7g6 13. Nf3 Bc7 14. Nc3 Bb7 15. Qa4 a6 16. Rfd1 b5 17. Qc2 Rc8 18. b4 Qe8 19. a4 a5 20. Bxb5 Nc6 21. bxa5 Bxa5 22. Qb3 Bxc3 23. Qxc3 Qxe4 24. Bxc6 Bxc6 25. Rd4 Qf5 26. Qd3 Qf6 27. Ne1 Rfe8 28. Rd1 Re6 29. a5 Ne5 30. Qe2 Qg6 31. f4 Ng4 32. R1d3 Bb5 33. Qf3 Bxd3 34. Rxd3 Nxe3 35. Rxe3 Qf6 36. g3 Qd4 37. Kf2 Rc3 38. Ng2 Rc2+ 39. Kf1 Rxg2 0-1

[Event "Manavgat Turkey Cup"]
[Site "Manavgat"]
[Date "2015.02.05"]
[Round "9"]
[White "Demirkesen, Mehmet Cihad"]
[Black "Yilmazel, Sinem"]
[Result "1-0"]
[WhiteElo "1532"]
[BlackElo "1482"]
[PlyCount "53"]
[EventDate "2015.01.31"]
[EventType "swiss"]
[EventRounds "11"]
[EventCountry "TUR"]
[SourceTitle "CBM 164 Extra"]
[Source "ChessBase"]
[SourceDate "2015.03.02"]
[SourceVersion "1"]
[SourceVersionDate "2015.03.02"]
[SourceQuality "1"]

1. e4 e5 2. Nf3 Nc6 3. Bc4 Bc5 4. d3 Nf6 5. Nc3 h6 6. Nd5 0-0 7. a3 d6 8. b4 Bb6 9. Bb2 Nxd5 10. Bxd5 Qf6 11. Ba2 Nd4 12. c3 Nxf3+ 13. Qxf3 Qg6 14. h3 Be6 15. g4 Bxa2 16. Rxa2 Qe6 17. Ra1 Qb3 18. Qe2 Qe6 19. a4 c6 20. h4 g6 21. Bc1 Kh7 22. a5 Bc7 23. Qe3 g5 24. hxg5 Kg7 25. gxh6+ Kh7 26. Qg5 Rg8 27. Qe3 1-0

[Event "TUR-ch"]
[Site "Kemer"]
[Date "2011.02.07"]
[Round "4"]
[White "Gazioglu, Halit"]
[Black "Demirkesen, Mehmet Cihad"]
[Result "1-0"]
[WhiteElo "2055"]
[BlackElo "1494"]
[PlyCount "123"]
[EventDate "2011.02.05"]
[EventType "swiss"]
[EventRounds "10"]
[EventCountry "TUR"]
[SourceTitle "CBM 140 Extra"]
[Source "ChessBase"]
[SourceDate "2011.03.01"]
[SourceVersion "1"]
[SourceVersionDate "2011.03.01"]
[SourceQuality "1"]

1. d4 c6 2. Nf3 d5 3. Nbd2 f5 4. Ne5 Nf6 5. e3 Nbd7 6. Nd3 e6 7. f3 Bd6 8. c4 0-0 9. Be2 Nh5 10. g3 a6 11. Qb3 b5 12. c5 Bc7 13. Nb4 Bb7 14. a4 a5 15. Nxc6 Bxc6 16. axb5 Rb8 17. Qa4 Ba8 18. Nb3 Qe7 19. f4 Nhf6 20. Bd2 Ne4 21. Bxa5 Bxa5+ 22. Nxa5 Ndxc5 23. dxc5 Nxc5 24. Qa3 d4 25. 0-0 Qd6 26. Rad1 Qd5 27. Bf3 Ne4 28. Nc6 Bxc6 29. bxc6 Qxc6 30. Rxd4 Rb7 31. Bxe4 fxe4 32. Rfd1 Kf7 33. b4 Rc8 34. Qb3 Qc2 35. Qxc2 Rxc2 36. Rf1 Rb2 37. Rxe4 R7xb4 38. Rxb4 Rxb4 39. Rf2 Rb3 40. Re2 e5 41. Kf2 exf4 42. gxf4 Kf6 43. Rc2 Rb6 44. Rc5 h6 45. h4 Rb2+ 46. Kg3 Re2 47. Kf3 Rh2 48. h5 g5 49. Rc6+ Kg7 50. Rg6+ Kh7 51. fxg5 Rxh5 52. Rxh6+ Rxh6 53. gxh6 Kxh6 54. Kf4 Kg6 55. Ke5 Kf7 56. Kd6 Ke8 57. Ke6 Kf8 58. e4 Kg7 59. Ke7 Kg6 60. e5 Kg7 61. e6 Kg8 62. Kd7 1-0